Klasyfikacja medalowa Igrzysk Olimpijskich 2024 w Paryżu - Statystyki

Ogólne statystyki
  • Ten quiz został rozwiązany 138 razy
  • Średni wynik to 16 z 20
Statystyki odpowiedzi
Miejsce Reprezentacja Złoto Srebro Brąz Razem % Poprawnych
2 Chiny 40 27 24 91
100%
1 Stany Zjednoczone 40 44 42 126
100%
5 Francja 16 26 22 64
97%
3 Japonia 20 12 13 45
97%
10 Niemcy 12 13 8 33
92%
4 Australia 18 19 16 53
89%
20 Brazylia 3 7 10 20
89%
15 Hiszpania 5 4 9 18
89%
7 Wielka Brytania 14 22 29 65
89%
12 Kanada 9 7 11 27
88%
9 Włochy 12 13 15 40
88%
16 Szwecja 4 4 3 11
86%
8 Korea Południowa 13 9 10 32
84%
6 Holandia 15 7 12 34
81%
18 Norwegia 4 1 3 8
70%
11 Nowa Zelandia 10 7 3 20
62%
14 Węgry 6 7 6 19
59%
17 Kenia 4 2 5 11
52%
19 Irlandia 4 0 3 7
41%
13 Uzbekistan 8 2 3 13
30%
Nie znaleziono quizów pasujących do podanych kryteriów
Rozkład punktacji
Procent ludzi z każdym wynikiem
Percentyl według liczby udzielonych odpowiedzi
Twoja historia wyników
Nie rozwiązałeś tego quizu